| 000 | 00544 a2200157 4500 | ||
|---|---|---|---|
| 005 | 20250602124007.0 | ||
| 020 | _a0-7517-1964-1 | ||
| 082 | _aLECT 658.403 CIM | ||
| 111 | _aCIMA | ||
| 245 | _aManagerial Paper P4: Organizational management and information system. | ||
| 250 | _a1st Ed. | ||
| 260 |
_aLondon, _bBPP professional education, _c2005. |
||
| 300 |
_aiii, 187p.: ill.; figure, picture, table, _c15cm. |
||
| 856 |
_yAccess online book _fManagerial Paper P4: Organizational management and information system _d2005. |
||
| 942 |
_2ddc _cBKS |
||
| 999 |
_c3014 _d3014 |
||